Bankopoisťovníctvo v podmienkach SR bakalárska práca

Guardado en:
Detalles Bibliográficos
Autor principal: Štefaňáková, Klaudia
Autor Corporativo: Národohospodárska fakulta EU. Katedra bankovníctva a medzinárodných financií
Otros Autores: Töröková, Zuzana
Formato: Libro
Lenguaje:eslovaco
Publicado: Bratislava 2013
Etiquetas: Agregar Etiqueta
Sin Etiquetas, Sea el primero en etiquetar este registro!

MARC

LEADER 00000nbm a2200000 4500
001 0172420
005 20161109112050.8
041 0 |a slo 
044 |a SK 
245 1 0 |a Bankopoisťovníctvo v podmienkach SR  |b bakalárska práca  |c Klaudia Štefaňáková ; školiteľ: Zuzana Töröková 
264 1 |a Bratislava  |c 2013 
300 |a 38 s. 
100 1 |a Štefaňáková, Klaudia 
700 1 |a Töröková, Zuzana 
710 2 |a Národohospodárska fakulta EU. Katedra bankovníctva a medzinárodných financií